LEADER 01066nam0 22002771i 450 001 UON00054704 005 20231205102241.613 010 $a02-621-9123-7 100 $a20020107d1974 |0itac50 ba 101 $aeng 102 $aGB 105 $a|||| 1|||| 200 1 $aCh'i$eA Neo-Taoist approach to life$fRalph Gun Hoy Siu 210 $aCambridge, Mass$cThe Massachusetts Institute of Technology$d1974 215 $a351 p.$d21 cm 606 $aTAOISMO$xCINA$3UONC016574$2FI 620 $aUS$dCambridge (Mass.)$3UONL000262 686 $aCIN VII A$cCINA - RELIGIONE E FILOSOFIA - PERIODO CLASSICO$2A 700 1$aSIU$bRalph Gun Hoy$3UONV034680$0652599 712 $aMassachussetts Inst. of Technology$3UONV252458$4650 801 $aIT$bSOL$c20240220$gRICA 899 $aSIBA - SISTEMA BIBLIOTECARIO DI ATENEO$2UONSI 912 $aUON00054704 950 $aSIBA - SISTEMA BIBLIOTECARIO DI ATENEO$dSI CIN VII A 149 $eSI SIN2728 7 149 996 $aCh'i$91151883 997 $aUNIOR